000 00889nam a2200277 i 4500
003 DO-SdBNP
005 20260430141942.0
007 ta
008 260430b2025 dr ||||| |||| 00| 0 spa d
020 _a9798287714239
040 _aDO-SdBNP
_bspa
_cBNPHU
_erda
041 _aspa
082 4 _axxx
_bA774f
_222
100 _aArredondo, Juan,
_eautor
_4aut.
_989441
245 1 0 _aFundamentos del monoteísmo /
_cJuan Arredondo ; revisión, Roberto García
264 4 _aMadrid, España :
_bEdiciones Gárgola,
_c©2025.
300 _a223 páginas ;
_c23 cm.
336 _atexto
_btxt
_2rdacontent
337 _asin mediación
_bn
_2rdamedia
338 _avolumen
_bnc
_2rdacarrier
500 _aIncluye datos biográficos del autor en la contracubierta
590 _aInventariado, 2026/BT
700 _aGarcía, Roberto,
_erevisión
_4rev.
_989442
910 _aBtavárez
942 _2ddc
_cLBS1
999 _c60645
_d60645